MKW Grumble Volcano Glitch WR Holders - Statistics

General Stats
  • This quiz has been taken 2 times
  • The average score is 6 of 26
Answer Stats
Date Nation Player % Correct
2009-01-17 ๐Ÿ‡ฏ๐Ÿ‡ต Niyake
100%
2008-06-01 ๐Ÿ‡ณ๐Ÿ‡ฑ Alvin
50%
2019-07-02 ๐Ÿ‡ฆ๐Ÿ‡บ Ejay
50%
2019-02-15 ๐Ÿ‡บ๐Ÿ‡ธ Joshua
50%
2021-12-03 ๐Ÿ‡ฆ๐Ÿ‡บ Jyran
50%
2019-04-02 ๐Ÿ‡บ๐Ÿ‡ธ Phyz
50%
2008-06-01 ๐Ÿ‡ซ๐Ÿ‡ท Ridley
50%
2019-08-30 ๐Ÿ‡ฌ๐Ÿ‡ง Ross C
50%
2008-06-01 ๐Ÿ‡ฌ๐Ÿ‡ง Shaun
50%
2008-06-07 ๐Ÿ‡ช๐Ÿ‡ธ Yavieron
50%
2008-06-01 ๐Ÿ‡ฏ๐Ÿ‡ต ใƒ•ใ‚ธใƒžใ‚ต
0%
2008-06-03 ๐Ÿ‡ฏ๐Ÿ‡ต ใ‚ซใƒณใƒ”ใƒผ
0%
2008-06-15 ๐Ÿ‡ฏ๐Ÿ‡ต ใจใ—ใ
0%
2008-09-05 ๐Ÿ‡บ๐Ÿ‡ธ chaos
0%
2009-01-30 ๐Ÿ‡บ๐Ÿ‡ธ inviso
0%
2009-06-29 ๐Ÿ‡จ๐Ÿ‡ฆ King Alex
0%
2008-06-01 ๐Ÿ‡ฏ๐Ÿ‡ต Mander
0%
2008-06-01 ๐Ÿ‡จ๐Ÿ‡ฆ Matt
0%
2008-06-01 ๐Ÿ‡ซ๐Ÿ‡ท Mick
0%
2008-06-01 ๐Ÿ‡ฉ๐Ÿ‡ช Ostro
0%
2008-06-01 ๐Ÿ‡ฉ๐Ÿ‡ช Roy03
0%
2008-07-29 ๐Ÿ‡ซ๐Ÿ‡ท Sasuke
0%
2019-03-16 ๐Ÿ‡ฎ๐Ÿ‡ช Shane
0%
2008-06-01 ๐Ÿ‡ฎ๐Ÿ‡ช Suzie
0%
2008-06-02 ๐Ÿ‡ฏ๐Ÿ‡ต Wasa
0%
2008-06-01 ๐Ÿ‡ซ๐Ÿ‡ท Yoman
0%
No matching quizzes found
Score Distribution
Percent of People with Each Score
Percentile by Number Answered
Your Score History
You have not taken this quiz